A. WESLEY POWELL LEARNING RESOURCE CENTRE (WPLRC)

Wonderful Place to Learn, Research & Collaborate

The Adventure Guide to Jamaica (Record no. 3602)

MARC details
000 -LEADER
fixed length control field 00469nam a22001937a 4500
001 - ACCESSION NUMBER
control field 23750
003 - CONTROL NUMBER IDENTIFIER
control field 00
005 - DATE AND TIME OF LATEST TRANSACTION
control field 20150624085616.0
008 - FIXED-LENGTH DATA ELEMENTS--GENERAL INFORMATION
fixed length control field 150624b xxu||||| |||| 00| 0 eng d
020 ## - INTERNATIONAL STANDARD BOOK NUMBER
International Standard Book Number 1556504993
040 ## - CATALOGING SOURCE
Transcribing agency ddc
082 ## - DEWEY DECIMAL CLASSIFICATION NUMBER
Classification number R/WIC/910.202 COH (23750)
100 ## - MAIN ENTRY--PERSONAL NAME
Relator code Cohen, Steve
245 ## - TITLE STATEMENT
Title The Adventure Guide to Jamaica
260 ## - PUBLICATION, DISTRIBUTION, ETC. (IMPRINT)
Place of publication, distribution, etc. Edison,New Jersey
Name of publisher, distributor, etc. Hunter Publishing
Date of publication, distribution, etc. 1992
300 ## - PHYSICAL DESCRIPTION
Extent p. 272,
Dimensions 21 cm
500 ## - GENERAL NOTE
General note Index
942 ## - ADDED ENTRY ELEMENTS (KOHA)
Source of classification or shelving scheme Dewey Decimal Classification
Koha item type Books
Holdings
Withdrawn status Lost status Source of classification or shelving scheme Damaged status Not for loan Home library Current library Date acquired Total Checkouts Full call number Barcode Date last seen Price effective from Koha item type
    Dewey Decimal Classification     Wesley Powell Learning Resource Centre Wesley Powell Learning Resource Centre 06/24/2015   R/WIC/910.202 COH 23750 06/24/2015 06/24/2015 Books